000 004230000a22001570004500
090 _aAR
_b01832
245 1 0 _aGeografía y evolución de la fauna Sudamericana
650 1 4 _aEndemismo
_948559
650 1 4 _aZoogeografía
_993082
650 1 4 _aLimnología
_993114
651 4 _pAmérica del Sur
_992749
041 0 _aEspañol
100 1 _aRinguelet, Raúl
_995288
942 _cARTICULO
773 1 _tPreprint
_33
_q61-70
_d1923?
999 _c10909
_d10909